00271nam a2200121Ia 45000030006000000080041000060400015000471000015000622450034000772600009001115460012001200050017001320STCL150530s9999 xx 000 0 und d aSTCLcSTCL aMark Twain aAdventures of huckleberry fin c1968 aEnglish20220125171345.0